LinkOportunidades para reducir el consumo de combustible en el Área Metropolitana de San José
Guardat en:
| Autor principal: | |
|---|---|
| Format: | Llibre |
| Publicat: |
2006
San José, C.R.
|
| Matèries: | |
| Etiquetes: |
Afegir etiqueta
Sense etiquetes, Sigues el primer a etiquetar aquest registre!
|
MARC
| LEADER | 00000nam a2200000Ia 4500 | ||
|---|---|---|---|
| 001 | 5288 | ||
| 003 | 009760 | ||
| 005 | 20221231144121.0 | ||
| 008 | 140114s2006 cr a 000 ||s d | ||
| 040 | |c cru CEDI | ||
| 100 | |a Pérez Molina, Eduardo |9 5538 | ||
| 245 | |a LinkOportunidades para reducir el consumo de combustible en el Área Metropolitana de San José | ||
| 260 | |c San José, C.R. |b 2006 | ||
| 300 | |a 126, [31] hojas, 2 hojas plegables : ilustraciones a color, mapas color | ||
| 500 | |a Tesis (licenciatura en ingeniería civil)--Universidad de Costa Rica. Facultad de Ingeniería. Escuela de Ingeniería Civil | ||
| 650 | |x TRANSPORTE URBANO |x CONSUMO DE COMBUSTIBLE |x AREA METROPOLITANA DE SAN JOSE (COSTA RICA) |x HIDROCARBUROS |9 5539 | ||
| 942 | |c TFG | ||
| 999 | |c 17136 |d 17136 | ||
